MIKROS C-jazyk, standartní knihovna

Guardado en:
Detalles Bibliográficos
Formato: Libro
Lenguaje:checo
Publicado: Ostrava Kanc. stroje 1984
Edición:1. vyd.
Etiquetas: Agregar Etiqueta
Sin Etiquetas, Sea el primero en etiquetar este registro!

MARC

LEADER 00000nam a2200000 4500
001 c029337
005 20221220085255.8
041 0 |a cze 
044 |a CZ 
245 1 0 |a MIKROS C-jazyk, standartní knihovna 
250 |a 1. vyd. 
264 1 |a Ostrava  |b Kanc. stroje  |c 1984 
300 |a 119 s.